Vidas argentinas (Record no. 23311)

MARC details
000 -LEADER
campo de control de longitud fija 00602nam a2200181 i 4500
001 - NÚMERO DE CONTROL
campo de control 23311
003 - IDENTIFICADOR DE NÚMERO DE CONTROL
campo de control ES-MaACL
005 - FECHA Y HORA DE LA ÚLTIMA TRANSACCIÓN
campo de control 20230906152842.0
007 - CAMPO FIJO DE DESCRIPCIÓN FÍSICA--INFORMACIÓN GENERAL
campo de control de longitud fija t|
008 - DATOS DE LONGITUD FIJA--INFORMACIÓN GENERAL
campo de control de longitud fija 021210s1934 ag ||||1| spa d
100 1# - ENTRADA PRINCIPAL--NOMBRE DE PERSONA
Nombre de persona Amadeo, Octavio R.
9 (RLIN) 21072
245 10 - MENCIÓN DEL TÍTULO
Título Vidas argentinas
Resto del título : Rivadavia, Mitre, Sarmiento, Avellaneda, Rosas, Irigoyen, Roca, Pellegrini, Alem, Saenz Peña /
Mención de responsabilidad, etc. Octavio R. Amadeo.
250 ## - MENCION DE EDICION
Mención de edición 2ª ed.
260 ## - PUBLICACIÓN, DISTRIBUCIÓN, ETC.
Lugar de publicación, distribución, etc. Buenos Aires :
Nombre del editor, distribuidor, etc. La Facultad,
Fecha de publicación, distribución, etc. 1934 (
Fabricante López)
300 ## - DESCRIPCIÓN FÍSICA
Extensión 324 p. ;
Dimensiones 21 cm.
650 #4 - PUNTO DE ACCESO ADICIONAL DE MATERIA--TÉRMINO DE MATERIA
Término de materia o nombre geográfico como elemento de entrada Argentinos-
Subdivisión general Biografías.
9 (RLIN) 155148
852 ## - LOCALIZACIÓN
Ubicación ES-MaACL
Número de control de estantería A-3552
Sublocalización o colección R.15195
Holdings
Estatus retirado Estado de pérdida Estado de daño No para préstamo Biblioteca de origen Biblioteca actual Ubicación en estantería Fecha de adquisición Fuente de adquisición Total de préstamos Signatura topográfica completa Código de barras Visto por última vez Precio de reemplazo Tipo de ítem Koha
        Biblioteca del Ateneo de Madrid Biblioteca del Ateneo de Madrid Sala Pecera Planta 1 17/01/2008     A-3552 1024017 23/02/2023 23/02/2023 Libro impreso